000 00487nam a2200193Ia 4500
003 OSt
005 20250819094609.0
008 250729s2005 xx 000 0 und d
020 _a978-8176489911
040 _cAL
041 _aeng
082 _a370 RAOH
100 _aPrasad D Rajedra
_9221434
245 _aThe school teacher : student relations and values
260 _aNew Delhi
_bA P H Publishing
_c2005
300 _a270p
650 _aEducation
_9221435
942 _2ddc
_cBED
999 _c235009
_d235009